Nicki Minaj's Canadian Hot 100 History - Statistics

General Stats
  • This quiz has been taken 7 times
  • The average score is 30 of 124
Answer Stats
Peak Position Song Weeks On Chart Debut Date % Correct
#4 Starships 31 Mar 3rd 2012
100%
#6 Super Bass 36 May 21st 2011
100%
#3 Anaconda 22 Aug 23rd 2014
86%
#3 Bang Bang 33 Aug 16th 2014
71%
#21 Barbie Tingz 3 Apr 28th 2018
71%
#4 Side To Side 29 Jun 11th 2016
71%
#18 Va Va Voom 18 Apr 21st 2012
71%
#25 MEGATRON 6 Jul 6th 2019
57%
#43 Monster 2 Nov 13th 2010
57%
#8 Pound The Alarm 20 Apr 21st 2012
57%
#43 Barbie Dreams 6 Aug 25th 2018
43%
#7 Barbie World 21 Jul 8th 2023
43%
#30 Bed 11 Jun 30th 2018
43%
#18 Chun-Li 13 Apr 28th 2018
43%
#46 Everybody 9 Dec 23rd 2023
43%
#3 FEFE 20 Aug 4th 2018
43%
#46 Good Form 1 Dec 15th 2018
43%
#27 Moment 4 Life 19 Feb 19th 2011
43%
#25 No Frauds 10 Apr 1st 2017
43%
#3 Say So 38 Jan 11th 2020
43%
#27 Seeing Green 3 May 29th 2021
43%
#87 Stupid Hoe 1 Feb 11th 2012
43%
#8 Super Freaky Girl 21 Aug 27th 2022
43%
#15 Swalla 26 Mar 18th 2017
43%
#13 Swish Swish 20 Jun 10th 2017
43%
#80 Up All Night 1 Jul 3rd 2010
43%
#23 2012 (It Ain't The End) 15 Aug 21st 2010
29%
#40 All Eyes On You 20 Jul 18th 2015
29%
#67 Are You Gone Already 1 Dec 23rd 2023
29%
#4 Beauty And A Beat 24 Jul 7th 2012
29%
#51 Big Bank 19 Jul 7th 2018
29%
#91 Big Difference 1 Dec 23rd 2023
29%
#40 Bussin 3 Feb 26th 2022
29%
#69 Dance (A$$) 10 Dec 31st 2012
29%
#14 Do We Have A Problem? 4 Feb 19th 2022
29%
#67 Feeling Myself 2 Jun 6th 2015
29%
#23 FTCU 13 Dec 23rd 2023
29%
#47 Ganja Burn 2 Aug 25th 2018
29%
#68 Goodbye 10 Sep 8th 2018
29%
#9 Hey Mama 32 Apr 18th 2015
29%
#81 High School 1 Dec 8th 2012
29%
#38 Hot Girl Summer 8 Aug 24th 2019
29%
#48 Last Time I Saw You 2 Sep 16th 2023
29%
#16 MAMA 8 Dec 8th 2018
29%
#12 Motorsport 20 Nov 18th 2017
29%
#73 Move Ya Hips 1 Aug 15th 2020
29%
#20 Only 20 Nov 15th 2014
29%
#53 Pills N Potions 6 Jul 6th 2014
29%
#70 Pink Friday Girls 5 Dec 23rd 2023
29%
#21 Princess Diana 14 Apr 29th 2023
29%
#60 Right Thru Me 6 Nov 27th 2010
29%
#40 The Night Is Still Young 18 Jun 6th 2015
29%
#4 Till The World Ends 24 Mar 19th 2011
29%
#4 TROLLZ 4 Jun 27th 2020
29%
#3 Turn Me On 29 Sep 17th 2011
29%
#98 Tusa 1 Feb 8th 2020
29%
#76 What That Speed Bout!? 1 Nov 21st 2020
29%
#3 Where Them Girls At 21 May 21st 2011
29%
#85 Whip It 1 Apr 21st 2012
29%
#42 WHOLE LOTTA MONEY 6 Jul 24th 2021
29%
#53 You Da Baddest 3 Aug 19th 2017
29%
#43 Your Love 9 Aug 14th 2010
29%
#100 AGATS2 (Insecure) 1 Dec 14th 2024
14%
#82 Bad To You 1 Nov 16th 2019
14%
#73 Barbie Dangerous 1 Dec 23rd 2023
14%
#41 Bed Of Lies 5 Dec 6th 2014
14%
#79 Beep Beep 2 Dec 23rd 2023
14%
#62 Big Foot 1 Feb 10th 2024
14%
#78 Black Barbies 1 Dec 24th 2016
14%
#68 Blick Blick! 1 Apr 2nd 2022
14%
#69 Bom Bidi Bom 3 Mar 4th 2017
14%
#34 Bottoms Up 20 Aug 28th 2010
14%
#14 Check It Out 19 Sep 25th 2010
14%
#51 Dip 8 Nov 17th 2018
14%
#59 Down In The DM 12 Feb 27th 2016
14%
#93 Do You Mind 1 Oct 12th 2016
14%
#39 Endless Fashion 2 Jul 15th 2023
14%
#55 Fly 19 Dec 11th 2010
14%
#94 Froze 1 Nov 19th 2016
14%
#98 Get On Your Knees 1 Jan 3rd 2015
14%
#1 Give Me All Your Luvin' 11 Feb 18th 2012
14%
#73 Kissing Strangers 1 Jun 3rd 2017
14%
#35 Letting Go (Dutty Love) 20 Aug 21st 2010
14%
#86 Like A Star 1 Dec 31st 2016
14%
#44 Majesty 3 Aug 25th 2018
14%
#25 Make Me Proud 9 Nov 5th 2011
14%
#32 Needle 8 Dec 23rd 2023
14%
#97 No Broken Hearts 2 Apr 30th 2016
14%
#49 Rake It Up 20 Sep 9th 2017
14%
#46 Red Ruby Da Sleeze 5 Mar 18th 2023
14%
#88 Roman In Moscow 1 Dec 24th 2011
14%
#20 Run Up 20 Feb 18th 2017
14%
#56 She Came To Give It To You 18 Aug 2nd 2014
14%
#43 Truffle Butter 16 Feb 14th 2015
14%
#45 What's Wrong With Them 1 Oct 16th 2010
14%
#91 Whole Lotta Choppas 1 Oct 31st 2020
14%
#60 Woman Like Me 7 Oct 27th 2018
14%
#54 Yikes 1 Feb 22nd 2020
14%
#72 Alone 14 May 6th 2023
0%
#99 Anybody 2 Apr 28th 2018
0%
#7 Ball For Me 20 May 12th 2018
0%
#58 Bitch I'm Madonna 6 Jul 4th 2015
0%
#67 Dark Fantasy 1 Dec 11th 2010
0%
#55 Dark Side Of The Moon 1 Oct 13th 2018
0%
#92 Dumb Blonde 1 Mar 2nd 2019
0%
#100 Fallin 4 U 1 Dec 23rd 2023
0%
#88 ***Flawless 1 Dec 13th 2014
0%
#58 Get Low 1 Jun 23rd 2012
0%
#6 Girl On Fire 27 Sep 22nd 2012
0%
#5 IDOL 6 Sep 8th 2018
0%
#86 I'm Out 1 Jul 27th 2013
0%
#72 iPHONE 1 Oct 12th 2019
0%
#68 Let Me Calm Down 2 Dec 23rd 2023
0%
#62 Light My Body Up 1 Apr 15th 2017
0%
#30 Plain Jane 24 Oct 21st 2017
0%
#84 Regret In Your Tears 1 Apr 1st 2017
0%
#86 Rich Sex 2 Jun 30th 2018
0%
#90 The Creep 1 Feb 19th 2011
0%
#63 the light is coming 2 Jul 7th 2018
0%
#44 The Way Life Goes 20 Sep 16th 2017
0%
#69 Thought i Knew You 1 Aug 25th 2018
0%
#88 Tonight I'm Getting Over You 3 Mar 16th 2013
0%
#93 True Colors 1 Sep 6th 2014
0%
#46 Woohoo 1 Jun 5th 2010
0%
No matching quizzes found
Score Distribution
Percent of People with Each Score
Percentile by Number Answered
Your Score History
You have not taken this quiz